000 00541pam a2200121a 44500
008 230405s2006 xxu||||| |||| 00| 0 eng d
041 _aMAR
100 _aडॉ सौ भाग्यश्री महादेव जाधव
245 _aशिवाजी विदयापीठाचे शिल्पकार कुलगुरु डॉ आप्पासाहेब पवार जिवन आणि कार्ये
260 _a
_bशिवाजी विद्यापीठ
_c2006
300 _a499
906 _a5198
999 _c296541
_d296541